Kathāguccha. (Record no. 67403)

MARC details
000 -LEADER
fixed length control field 00657cam a22002531 4500
001 - CONTROL NUMBER
control field sa 66000791
003 - CONTROL NUMBER IDENTIFIER
control field DLC
005 - DATE AND TIME OF LATEST TRANSACTION
control field 20260227112217.0
008 - FIXED-LENGTH DATA ELEMENTS--GENERAL INFORMATION
fixed length control field 890713s1965 ii 000 1 beno
010 ## - LIBRARY OF CONGRESS CONTROL NUMBER
LC control number sa 66000791
035 ## - SYSTEM CONTROL NUMBER
System control number (OCoLC)20006602
040 ## - CATALOGING SOURCE
Original cataloging agency DLC
Transcribing agency WaU
Modifying agency DLC
042 ## - AUTHENTICATION CODE
Authentication code premarc
050 00 - LIBRARY OF CONGRESS CALL NUMBER
Classification number PK1716
Item number .S2
100 1# - MAIN ENTRY--PERSONAL NAME
Personal name Sarkar, Sudhir Chandra,
Dates associated with a name 1892-
245 10 - TITLE STATEMENT
Title Kathāguccha.
260 ## - PUBLICATION, DISTRIBUTION, ETC.
Date of publication, distribution, etc. [1965]
300 ## - PHYSICAL DESCRIPTION
Extent 668, 25 p.
Dimensions 23 cm.
500 ## - GENERAL NOTE
General note In Bengali.
500 ## - GENERAL NOTE
General note Short stories.
500 ## - GENERAL NOTE
General note Includes biographical sketches of the contributors.
650 #0 - SUBJECT ADDED ENTRY--TOPICAL TERM
Topical term or geographic name entry element Short stories, Bengali.
650 #0 - SUBJECT ADDED ENTRY--TOPICAL TERM
Topical term or geographic name entry element Authors, Bengali.

No items available.

Powered by Koha